| 000 | 00515aam a2200205 4500 | ||
|---|---|---|---|
| 005 | 20160920133910.0 | ||
| 008 | 150723b xxu||||| |||| 00| 0 spa d | ||
| 041 | _aES | ||
| 082 | _a917.286 K65c | ||
| 100 |
_aKliewer, Dean Edwin _921474 |
||
| 245 | _aCosta Rica : accommodations | ||
| 260 | _aCosta Rica | ||
| 260 | _bPrinted by Globe Printers | ||
| 260 | _c1997 | ||
| 300 | _a181 páginas | ||
| 650 |
_aCOSTA RICA _921475 |
||
| 650 |
_aDESCRIPCIONES Y VIAJES _921476 |
||
| 650 |
_aGUÍAS _9738 |
||
| 942 | _cBK | ||
| 999 |
_c861 _d861 |
||